Доломит для стекольной промышленности. Методы анализа; ГОСТ 23673.0-79 Доломит для стекольной промышленности. Общие требования к методам анализа; ГОСТ 23673.1-79 Доломит для стекольной промышленности. Методы определения содержания окисей кальция и магния; ГОСТ 23673.2-79 Доломит для стекольной промышленности. Метод определения содержания окиси железа; ГОСТ 23673.3-79 Доломит для стекольной промышленности. Метод определения содержания окиси алюминия; ГОСТ 23673.4-79 Доломит для стекольной промышленности. Методы определения содержания двуокиси кремния; ГОСТ 23673.5-79 Доломит для стекольной промышленности. Метод определения содержания влаги; ГОСТ 23673.6-79 Доломит для стекольной промышленности. Метод определения потери массы при прокаливании; ГОСТ 23673.7-79 Доломит для стекольной промышленности. Метод анализа кислоторастворимого остатка
| Autor corporatiu: | |
|---|---|
| Idioma: | rus |
| Publicat: |
Москва, Изд-во стандартов, 1979
|
| Edició: | Изд. офиц. |
| TOC: | ГОСТ 23673.0-79 Доломит для стекольной промышленности. Общие требования к методам анализа; ГОСТ 23673.1-79 Доломит для стекольной промышленности. Методы определения содержания окисей кальция и магния; ГОСТ 23673.2-79 Доломит для стекольной промышленности. Метод определения содержания окиси железа; ГОСТ 23673.3-79 Доломит для стекольной промышленности. Метод определения содержания окиси алюминия; ГОСТ 23673.4-79 Доломит для стекольной промышленности. Методы определения содержания двуокиси кремния; ГОСТ 23673.5-79 Доломит для стекольной промышленности. Метод определения содержания влаги; ГОСТ 23673.6-79 Доломит для стекольной промышленности. Метод определения потери массы при прокаливании; ГОСТ 23673.7-79 Доломит для стекольной промышленности. Метод анализа кислоторастворимого остатка; |
| Col·lecció: | Государственные стандарты |
| Matèries: | |
| Format: | MixedMaterials Llibre |
| KOHA link: | https://koha.lib.tpu.ru/cgi-bin/koha/opac-detail.pl?biblionumber=158037 |
MARC
| LEADER | 00000nam0a2200000 4500 | ||
|---|---|---|---|
| 001 | 158037 | ||
| 005 | 20231031154204.0 | ||
| 035 | |a (RuTPU)RU\TPU\book\171416 | ||
| 035 | |a RU\TPU\book\171355 | ||
| 090 | |a 158037 | ||
| 100 | |a 20090416d1979 km y0rusy50 ca | ||
| 101 | 0 | |a rus | |
| 102 | |a RU | ||
| 105 | |a a l 000zy | ||
| 200 | 1 | |a Доломит для стекольной промышленности. Методы анализа | |
| 205 | |a Изд. офиц. | ||
| 210 | |a Москва |c Изд-во стандартов |d 1979 | ||
| 215 | |a 24 с. |c ил. | ||
| 225 | 1 | |a Государственные стандарты | |
| 464 | |t ГОСТ 23673.0-79 Доломит для стекольной промышленности. Общие требования к методам анализа | ||
| 464 | |t ГОСТ 23673.1-79 Доломит для стекольной промышленности. Методы определения содержания окисей кальция и магния | ||
| 464 | |t ГОСТ 23673.2-79 Доломит для стекольной промышленности. Метод определения содержания окиси железа | ||
| 464 | |t ГОСТ 23673.3-79 Доломит для стекольной промышленности. Метод определения содержания окиси алюминия | ||
| 464 | |t ГОСТ 23673.4-79 Доломит для стекольной промышленности. Методы определения содержания двуокиси кремния | ||
| 464 | |t ГОСТ 23673.5-79 Доломит для стекольной промышленности. Метод определения содержания влаги | ||
| 464 | |t ГОСТ 23673.6-79 Доломит для стекольной промышленности. Метод определения потери массы при прокаливании | ||
| 464 | |t ГОСТ 23673.7-79 Доломит для стекольной промышленности. Метод анализа кислоторастворимого остатка | ||
| 610 | 1 | |a стандарты | |
| 610 | 1 | |a ГОСТы | |
| 610 | 1 | |a доломиты | |
| 610 | 1 | |a стекольная промышленность | |
| 610 | 1 | |a требования | |
| 610 | 1 | |a методы определения | |
| 610 | 1 | |a содержание | |
| 610 | 1 | |a методы анализа | |
| 712 | 0 | 1 | |a СССР |b Государственный комитет по стандартам (Госстандарт) |c (1978-1989) |2 stltpush |3 (RuTPU)RU\TPU\col\12454 |
| 801 | 2 | |a RU |b 63413507 |c 20221208 |g PSBO | |
| 942 | |c BK | ||